Statistics for World's Largest Technology Companies

Click here to take the quiz!

General Stats

  • This quiz has been taken 566 times
  • The average score is 7 of 14

Answer Stats

Country Answer % Correct
United StatesApple
96%
South KoreaSamsung
92%
United StatesMicrosoft
81%
United StatesAlphabet
72%
JapanSony
68%
United StatesAmazon
47%
United StatesIBM
43%
United StatesHP
40%
United StatesDell
40%
United StatesIntel
39%
ChinaHuawei
34%
JapanPanasonic
28%
JapanToshiba
27%
TaiwanFoxconn
16%

Score Distribution

Percentile by Number Answered

Percent of People with Each Score

Your Score History

You have not taken this quiz